Jednoduché účetnictví v soukromém podnikání /

Salvato in:
Dettagli Bibliografici
Autore principale: Šup, Pavel (Autore)
Natura: Libro
Lingua:ceco
Pubblicazione: Frýdek-Místek : BELA engineering a TRA, 1991
Serie:Edice: Abeceda podnikatele
Tags: Aggiungi Tag
Nessun Tag, puoi essere il primo ad aggiungerne!!

MARC

LEADER 00000nam a22000003a 4500
001 stu18275
005 20150617225754.5
008 920219s1991----cs------------------cze-d
040 |a STU  |b slo 
041 0 |a cze 
044 |a cs 
080 |a 336.717.16 
100 1 |a Šup, Pavel  |4 aut 
245 1 |a Jednoduché účetnictví v soukromém podnikání /  |c [aut.]Šup,Pavel 
260 |a Frýdek-Místek :  |b BELA engineering a TRA,  |c 1991 
300 |a 22 s 
830 0 |a Edice: Abeceda podnikatele 
996 |b CB1405  |c C*B1405  |l CCXIV  |s P  |a 0  |w stu18275_0001